00744 a2200265 4500260001500000630007300015037001100088650002800099100002200127700002600149260003900175245006500214300001000279650002700289650001700316260000900333300001000342100000700352037001100359037001100370700002700381700002500408700002700433020001800460 aMontréal a68 - industries, metiers et commerces de produits finis ou assembles bIUF, 2 a6 - SCIENCES APPLIQUEES aBourdreault, Yves aBernard, Jean-Charles bEcole polythecnique de Montréal aTurbo pascal : Programation et résolution de problèmes a585p. aInformatique : langage aTurbo pascal c1994 b23cm. lFr aS 8479 aS 8480 aCollab, Guardo, Robert aCollab, Lavoie, Jean aCollab, Savard, Pierre a2-553-00467-2